|
|
|
|
| LEADER |
01842cas a2200253 a 4500 |
| 001 |
AALejournalIMF007549 |
| 008 |
230101c9999 xx r poo 0 0eng d |
| 020 |
|
|
|c 5.00 USD
|
| 020 |
|
|
|z 9781451975048
|
| 022 |
|
|
|a 1018-5941
|
| 040 |
|
|
|a BD-DhAAL
|c BD-DhAAL
|
| 100 |
1 |
|
|a Cashin, Paul.
|
| 245 |
1 |
0 |
|a Terms of Trade Shocks and the Current Account /
|c Paul Cashin, C. McDermott.
|
| 264 |
|
1 |
|a Washington, D.C. :
|b International Monetary Fund,
|c 1998.
|
| 300 |
|
|
|a 1 online resource (40 pages)
|
| 490 |
1 |
|
|a IMF Working Papers
|
| 500 |
|
|
|a <strong>Off-Campus Access:</strong> No User ID or Password Required
|
| 500 |
|
|
|a <strong>On-Campus Access:</strong> No User ID or Password Required
|
| 506 |
|
|
|a Electronic access restricted to authorized BRAC University faculty, staff and students
|
| 520 |
3 |
|
|a This paper examines the relationship between terms of trade shocks, private saving, and the current account position. The relationship between these variables is theoretically ambiguous: an adverse transitory terms of trade shock can either induce a deterioration or an improvement in the current account, depending on whether the resulting income effects are greater or less than the resulting substitution effects. The substitution effects involve both intertemporally substituting consumption and intratemporally substituting consumption between importables and nontradables. The relative strength of these substitution effects is estimated using data for five OECD countries during 1970/95; both are found to exert large and significant effects on the current account balance.
|
| 538 |
|
|
|a Mode of access: Internet
|
| 700 |
1 |
|
|a McDermott, C.
|
| 830 |
|
0 |
|a IMF Working Papers; Working Paper ;
|v No. 1998/177
|
| 856 |
4 |
0 |
|z Full text available on IMF
|u http://elibrary.imf.org/view/journals/001/1998/177/001.1998.issue-177-en.xml
|z IMF e-Library
|